A scientific theory of culture
Saved in:
| Main Author: | |
|---|---|
| Format: | Book |
| Language: | English |
| Published: |
Chapel Hill,
The University of North Carolina press,
1944.
|
| Subjects: | |
| Tags: |
Add Tag
No Tags, Be the first to tag this record!
|
MARC
| LEADER | 00000cam a2200000 a 4500 | ||
|---|---|---|---|
| 001 | 1/116643 | ||
| 008 | 180525s1944####gr | ||| |||| ||eng|| | ||
| 040 | |a GR-MyUa |b gre |c GR-MyUa |e AACR2 | ||
| 041 | 0 | |a eng | |
| 082 | 7 | |a 306 |2 (23) | |
| 100 | 1 | |a Malinowski Bronislaw |d 1884-1942. | |
| 245 | 1 | 2 | |a A scientific theory of culture / |c and other essays by Bronislaw Malinowski; with a preface by Huntington Cairns. |
| 260 | |a Chapel Hill, |b The University of North Carolina press, |c 1944. | ||
| 300 | |a ix, 228 σ. ; |c 19 εκ. | ||
| 505 | 8 | |a A scientific theory of culture.--The functional theory.--Sir James George Frazer. | |
| 600 | 1 | 0 | |a Frazer, James George, |c Sir, |d 1854-1941. |
| 650 | 0 | |a Anthropology. | |
| 767 | 0 | 8 | |i Μεταφρασμένο ως: |t Une theorie scientifique de la culture : |
| 852 | |a INST |b LESVOS |e 20180525 |h 306 MAL |p 005100060324 |q 005100060324 |t BK |y 0 | ||
| 922 | |a 1ΕΛΗ |b 198804 |c Βιβλιοθήκη |d Glory Books | ||
| 970 | |z 25-05-2018 | ||